[Event "Solingen-ch"]
[Site "Solingen"]
[Date "2010.09.10"]
[Round "1"]
[White "Falge, Rainer"]
[Black "Peschel, Andreas"]
[Result "0-1"]
[WhiteElo "1553"]
[BlackElo "2173"]
[PlyCount "34"]
[EventDate "2010.??.??"]
[EventType "swiss"]
[EventRounds "7"]
[EventCountry "GER"]
[SourceDate "2010.09.15"]

1. e4 c5 2. Nf3 e6 3. d4 cxd4 4. Nxd4 a6 5. Bc4 Qc7 6. Bb3 Nf6 7. Qf3 Qe5 8.
Qc3 Qxe4+ 9. Be3 Nc6 10. a3 Qxg2 11. Rf1 Ne4 12. Qd3 d5 13. c4 Nc5 14. Qc2 Nxd4
15. Bxd4 Nxb3 16. Qxb3 Qe4+ 17. Be3 Qxc4 0-1

[Event "Solingen-ch"]
[Site "Solingen"]
[Date "2010.09.10"]
[Round "1"]
[White "Görke, Joachim"]
[Black "Kirschbaum, Alexander"]
[Result "1-0"]
[WhiteElo "2154"]
[BlackElo "1531"]
[PlyCount "59"]
[EventDate "2010.??.??"]
[EventType "swiss"]
[EventRounds "7"]
[EventCountry "GER"]
[SourceDate "2010.09.15"]

1. d4 Nf6 2. c4 g6 3. Nc3 Bg7 4. e4 d6 5. f3 O-O 6. Be3 c5 7. dxc5 dxc5 8. Qxd8
Rxd8 9. Bxc5 e6 10. Rd1 Rxd1+ 11. Kxd1 Nc6 12. a3 b6 13. Be3 Bb7 14. Kc2 Rc8
15. b3 Bf8 16. Kb2 Nd7 17. Bd3 Nde5 18. Bc2 Rd8 19. Nge2 Nd3+ 20. Ka2 Bg7 21.
Rd1 Nde5 22. Rxd8+ Nxd8 23. Nb5 Ndc6 24. Ned4 Bf8 25. Nxc6 Nxc6 26. b4 Ba6 27.
Ba4 Bxb5 28. Bxb5 Nb8 29. Bf4 a6 30. Be8 1-0

[Event "Solingen-ch"]
[Site "Solingen"]
[Date "2010.09.10"]
[Round "1"]
[White "Kaiser, Stephan"]
[Black "Meertens, Martin"]
[Result "0-1"]
[WhiteElo "1492"]
[BlackElo "2154"]
[PlyCount "68"]
[EventDate "2010.??.??"]
[EventType "swiss"]
[EventRounds "7"]
[EventCountry "GER"]
[SourceDate "2010.09.15"]

1. d4 Nf6 2. c4 g6 3. Nc3 Bg7 4. Nf3 O-O 5. Bg5 h6 6. Bf4 d6 7. e3 Nh5 8. Bg3
c6 9. Be2 Nxg3 10. fxg3 e5 11. O-O Qe7 12. Qc2 Bg4 13. Rad1 Na6 14. a3 Nc7 15.
b4 Rfe8 16. d5 a5 17. b5 cxb5 18. cxb5 Rac8 19. e4 Na8 20. Qd2 Nb6 21. Rc1 Rc5
22. Rc2 Rec8 23. Rfc1 Bxf3 24. gxf3 Qc7 25. Bd3 Nc4 26. Bxc4 Rxc4 27. Qe3 Kh7
28. Kf2 h5 29. Ke2 Bh6 30. f4 Qd7 31. Rf1 f5 32. Kd2 fxe4 33. Rcc1 Rd4+ 34. Ke2
Rd3 0-1

[Event "Solingen-ch"]
[Site "Solingen"]
[Date "2010.09.10"]
[Round "1"]
[White "Speck, Stefan"]
[Black "Kublanow, Vladislav"]
[Result "1-0"]
[WhiteElo "2004"]
[BlackElo "1409"]
[PlyCount "85"]
[EventDate "2010.??.??"]
[EventType "swiss"]
[EventRounds "7"]
[EventCountry "GER"]
[SourceDate "2010.09.15"]

1. d4 d5 2. Nf3 Nf6 3. Bg5 e6 4. e3 Be7 5. Nbd2 b6 6. c3 O-O 7. Bd3 h6 8. Bh4
c5 9. Qe2 c4 10. Bxf6 Bxf6 11. Nxc4 dxc4 12. Be4 Na6 13. Bxa8 Nc7 14. Be4 b5
15. Rd1 a5 16. O-O Qd6 17. Bb1 Bb7 18. e4 Qf4 19. Ne1 Ne8 20. e5 Bd8 21. g3 Qg5
22. f4 Qe7 23. Be4 Bc8 24. Ng2 f5 25. Bf3 g5 26. fxg5 hxg5 27. d5 exd5 28.
Bxd5+ Kg7 29. Ne3 Bb6 30. Kh1 Qxe5 31. Rde1 Bxe3 32. Qxe3 Qxd5+ 33. Kg1 f4 34.
Qe7+ Kg8 35. Re5 Qf7 36. Qxf7+ Rxf7 37. Rxe8+ Kg7 38. Rxc8 Rf5 39. Rc6 f3 40.
Rd1 g4 41. Rd7+ Rf7 42. Rxf7+ Kxf7 43. Rc5 1-0

[Event "Solingen-ch"]
[Site "Solingen"]
[Date "2010.09.10"]
[Round "1"]
[White "Wolf, Wieland"]
[Black "Beil, Detlef"]
[Result "0-1"]
[WhiteElo "1383"]
[BlackElo "1996"]
[PlyCount "102"]
[EventDate "2010.??.??"]
[EventType "swiss"]
[EventRounds "7"]
[EventCountry "GER"]
[SourceDate "2010.09.15"]

1. e4 c5 2. Nc3 d6 3. Nf3 Nf6 4. d4 cxd4 5. Nxd4 e5 6. Nb3 Be6 7. Bg5 Be7 8.
Qd2 h6 9. Bxf6 gxf6 10. Bb5+ Nd7 11. Nd5 a6 12. Be2 Nb6 13. O-O-O Nxd5 14. exd5
Bf5 15. Na5 Rc8 16. c4 Qc7 17. Qb4 Bd7 18. Bd3 f5 19. f3 b6 20. Nb3 a5 21. Qc3
a4 22. Nd2 Bg5 23. h4 Be3 24. Rhe1 Bf4 25. Re2 b5 26. Kb1 b4 27. Qxb4 Rb8 28.
Qc3 Ke7 29. Qd4 Kf6 30. Qc3 Qb6 31. g4 Be3 32. g5+ hxg5 33. hxg5+ Kg7 34. Rg2
Bd4 35. Qc2 Qxb2+ 36. Qxb2 Rxb2+ 37. Kc1 Rhb8 38. Rh1 Rxa2 39. Bb1 Ra1 40. Rgh2
a3 41. Rh7+ Kg6 42. R7h6+ Kxg5 43. R1h5+ Kf4 44. Rh4+ Ke3 45. Nf1+ Kf2 46. Nd2
a2 47. Rh2+ Kg3 48. R6h3+ Kf4 49. Rh4+ Kg5 50. Rh5+ Kf6 51. Rh6+ Ke7 0-1

[Event "Solingen-ch"]
[Site "Solingen"]
[Date "2010.09.10"]
[Round "1"]
[White "Maczkowiak, Thomas"]
[Black "Sherif, Amina"]
[Result "1-0"]
[WhiteElo "1943"]
[BlackElo "1080"]
[PlyCount "93"]
[EventDate "2010.??.??"]
[EventType "swiss"]
[EventRounds "7"]
[EventCountry "GER"]
[SourceDate "2010.09.15"]

1. Nf3 d5 2. g3 Nf6 3. Bg2 Nc6 4. O-O e5 5. d3 Be7 6. Nbd2 O-O 7. e4 Be6 8. Qe2
Qd7 9. exd5 Qxd5 10. Nc4 Bg4 11. Be3 Rfe8 12. h3 Bxf3 13. Bxf3 Nd4 14. Bxd4
Qxd4 15. Qxe5 Qxe5 16. Nxe5 Bd6 17. Nc4 Rab8 18. Rfe1 Red8 19. Re2 Bc5 20. Rae1
Bb4 21. c3 Bc5 22. d4 Bd6 23. Nxd6 Rxd6 24. Re7 Rd7 25. Rxd7 Nxd7 26. Re7 Nb6
27. Rxc7 Na4 28. b3 Nb6 29. Rxb7 Rxb7 30. Bxb7 Kf8 31. Kg2 Ke8 32. c4 Kd8 33.
Kf3 Kd7 34. c5 Nc8 35. Bxc8+ Kxc8 36. Ke4 Kc7 37. Kd5 Kd7 38. b4 a6 39. a4 Kc7
40. b5 axb5 41. axb5 Kd7 42. b6 Kc8 43. Kc6 h5 44. b7+ Kb8 45. Kb6 g5 46. c6 f5
47. c7# 1-0

[Event "Solingen-ch"]
[Site "Solingen"]
[Date "2010.09.10"]
[Round "1"]
[White "Czegledi, Daniel"]
[Black "Bashylin, Seva"]
[Result "0-1"]
[WhiteElo "1060"]
[BlackElo "1686"]
[PlyCount "84"]
[EventDate "2010.??.??"]
[EventType "swiss"]
[EventRounds "7"]
[EventCountry "GER"]
[SourceDate "2010.09.15"]

1. c4 e5 2. g3 Nc6 3. Bg2 g6 4. Nc3 Bg7 5. d3 d6 6. Nd5 f5 7. Nf3 Nf6 8. Bg5
O-O 9. O-O Ne7 10. Nxf6+ Bxf6 11. Bxf6 Rxf6 12. Ng5 h6 13. Nf3 g5 14. c5 Ng6
15. d4 e4 16. Nd2 d5 17. f3 e3 18. Nb1 f4 19. Nc3 c6 20. b4 Qc7 21. g4 Nh4 22.
b5 Rf7 23. Rb1 Rh7 24. bxc6 bxc6 25. Qb3 Qd7 26. Ne4 Qe6 27. Nd6 Ba6 28. Rb2 h5
29. h3 hxg4 30. fxg4 Rf8 31. Qa4 Qh6 32. Bxd5+ cxd5 33. Qxa6 Nf5 34. Nxf5 Qxa6
35. Rfb1 Rxh3 36. Rb8 Qxe2 37. Rxf8+ Kxf8 38. Rb8+ Kf7 39. Nd6+ Ke7 40. Re8+
Kd7 41. Rg8 Qxg4+ 42. Kf1 Rh1# 0-1

[Event "Solingen-ch"]
[Site "Solingen"]
[Date "2010.09.10"]
[Round "1"]
[White "Kappelt, Jörg"]
[Black "Möller, Jonas"]
[Result "1-0"]
[WhiteElo "2201"]
[BlackElo "988"]
[PlyCount "87"]
[EventDate "2010.??.??"]
[EventType "swiss"]
[EventRounds "7"]
[EventCountry "GER"]
[SourceDate "2010.09.15"]

1. e4 c5 2. Nf3 Nc6 3. Nc3 d6 4. d4 e6 5. d5 exd5 6. exd5 Ne5 7. Be2 Nf6 8. O-O
Be7 9. a4 a6 10. Re1 O-O 11. Nxe5 dxe5 12. Bf3 Qc7 13. Bg5 Ne8 14. Bxe7 Qxe7
15. Qe2 Bf5 16. Be4 Nd6 17. Bxf5 Nxf5 18. Qxe5 Qxe5 19. Rxe5 Nd6 20. b3 Rfe8
21. Rxe8+ Rxe8 22. Kf1 c4 23. b4 b6 24. Rd1 Kf8 25. Rd4 Nf5 26. Rxc4 Nd6 27.
Rc6 Nc8 28. g3 f6 29. a5 bxa5 30. bxa5 Ke7 31. Rxa6 Kd7 32. Na4 Kc7 33. Rc6+
Kb7 34. c4 Rd8 35. Nc5+ Kb8 36. a6 Na7 37. Rb6+ Kc7 38. Rb7+ Kd6 39. Ne6 Ra8
40. Nc7 Rc8 41. Rxa7 Rxc7 42. Rxc7 Kxc7 43. a7 Kb7 44. d6 1-0

[Event "Solingen-ch"]
[Site "Solingen"]
[Date "2010.09.10"]
[Round "1"]
[White "Möller, Laura"]
[Black "Boschek, Hans-Joachim"]
[Result "0-1"]
[WhiteElo "781"]
[BlackElo "1946"]
[PlyCount "40"]
[EventDate "2010.??.??"]
[EventType "swiss"]
[EventRounds "7"]
[EventCountry "GER"]
[SourceDate "2010.09.15"]

1. e4 c5 2. Nf3 e6 3. Nc3 Nc6 4. Bc4 a6 5. d4 cxd4 6. Nxd4 Qc7 7. O-O Nf6 8.
Nce2 Nxe4 9. Bf4 e5 10. Be3 exd4 11. Bf4 Bd6 12. Bd2 Bxh2+ 13. Kh1 Be5 14. f3
Nxd2 15. Qxd2 d5 16. Bxd5 Qd8 17. Bb3 Qh4+ 18. Kg1 Bh2+ 19. Kh1 Bg3+ 20. Kg1
Qh2# 0-1

[Event "Solingen-ch"]
[Site "Solingen"]
[Date "2010.09.10"]
[Round "1"]
[White "Borchert, Stephan"]
[Black "Schubert, Florian"]
[Result "1-0"]
[WhiteElo "1897"]
[BlackElo "742"]
[PlyCount "43"]
[EventDate "2010.??.??"]
[EventType "swiss"]
[EventRounds "7"]
[EventCountry "GER"]
[SourceDate "2010.09.15"]

1. e4 e5 2. f4 exf4 3. Nf3 Nf6 4. e5 Ng4 5. d4 Nc6 6. Bxf4 Bb4+ 7. c3 Bxc3+ 8.
bxc3 Nh6 9. Bxh6 gxh6 10. Qc1 d6 11. Qxh6 dxe5 12. Qg7 exd4 13. Qxh8+ Kd7 14.
Qxh7 dxc3 15. Nxc3 Qe7+ 16. Be2 b5 17. Rd1+ Ke8 18. O-O Be6 19. Bxb5 Rd8 20.
Bxc6+ Bd7 21. Qg8+ Qf8 22. Rfe1# 1-0

[Event "Solingen-ch"]
[Site "Solingen"]
[Date "2010.09.10"]
[Round "1"]
[White "Littek, Oliver"]
[Black "Schikowsky, Andreas"]
[Result "0-1"]
[WhiteElo "707"]
[BlackElo "1883"]
[PlyCount "68"]
[EventDate "2010.??.??"]
[EventType "swiss"]
[EventRounds "7"]
[EventCountry "GER"]
[SourceDate "2010.09.15"]

1. e4 c5 2. Be2 Nc6 3. Nf3 d6 4. O-O g6 5. Re1 Bg7 6. Nc3 Nf6 7. d3 O-O 8. Be3
a6 9. Qd2 Ng4 10. Rad1 Nxe3 11. Qxe3 b5 12. d4 cxd4 13. Nxd4 Nxd4 14. Qd3 Nxe2+
15. Qxe2 Be6 16. Rd2 Bxc3 17. bxc3 Qc7 18. Ra1 Qxc3 19. Rad1 Rac8 20. Rc1 Bxa2
21. Kf1 Bc4 22. Qxc4 Qxd2 23. Qe2 Qxc1+ 24. Qe1 Rxc2 25. Qxc1 Rxc1+ 26. Ke2 b4
27. Kd2 Rfc8 28. Ke2 b3 29. f3 b2 30. Kf2 b1=Q 31. Kg3 Rg1 32. Kf4 Rxg2 33. h4
e5+ 34. Ke3 Rc3# 0-1

[Event "Solingen-ch"]
[Site "Solingen"]
[Date "2010.09.24"]
[Round "2"]
[White "Peschel, Andreas"]
[Black "Borchert, Stephan"]
[Result "1-0"]
[WhiteElo "2173"]
[BlackElo "1897"]
[PlyCount "37"]
[EventDate "2010.??.??"]
[EventType "swiss"]
[EventRounds "7"]
[EventCountry "GER"]
[SourceDate "2010.09.15"]

1. d4 Nf6 2. Nf3 e6 3. e3 b6 4. Bd3 Bb7 5. Nbd2 c5 6. O-O Na6 7. c3 Be7 8. e4
cxd4 9. cxd4 Nb4 10. Bb1 Ba6 11. Re1 Nd3 12. Bxd3 Bxd3 13. d5 O-O 14. d6 Bxd6
15. e5 Be7 16. exf6 gxf6 17. Ne4 Bc4 18. Bh6 Re8 19. Nfd2 1-0

[Event "Solingen-ch"]
[Site "Solingen"]
[Date "2010.09.24"]
[Round "2"]
[White "Boschek, Hans-Joachim"]
[Black "Görke, Joachim"]
[Result "0-1"]
[WhiteElo "1946"]
[BlackElo "2154"]
[PlyCount "92"]
[EventDate "2010.??.??"]
[EventType "swiss"]
[EventRounds "7"]
[EventCountry "GER"]
[SourceDate "2010.09.15"]

1. Nf3 d5 2. d4 Nf6 3. Bf4 g6 4. e3 Bg7 5. h3 c5 6. c3 Qb6 7. Qb3 c4 8. Qa3 Nc6
9. b3 cxb3 10. axb3 Bf5 11. Nbd2 O-O 12. g4 Be4 13. Be2 Rfe8 14. O-O Bxf3 15.
Nxf3 Ne4 16. c4 e5 17. Nxe5 Nxe5 18. Bxe5 Bxe5 19. dxe5 Rxe5 20. cxd5 Rxd5 21.
Bc4 Re5 22. Rad1 Qc6 23. Qa1 Rae8 24. Qd4 Ng5 25. Bd5 Nf3+ 26. Bxf3 Qxf3 27.
Kh2 h5 28. Qf4 Qxf4+ 29. exf4 Rb5 30. Rd3 Re4 31. gxh5 Rxh5 32. Kg3 Rb5 33. Rc1
Reb4 34. Rd7 Rxb3+ 35. Kg4 R3b4 36. Rcc7 Rf5 37. Rxb7 Rbxf4+ 38. Kg3 Rf3+ 39.
Kg4 Rxf2 40. Kg3 a5 41. Ra7 R2f3+ 42. Kg2 R3f4 43. Rd8+ Kg7 44. Rda8 Ra4 45.
Ra6 Ra3 46. R8a7 Rh5 0-1

[Event "Solingen-ch"]
[Site "Solingen"]
[Date "2010.09.24"]
[Round "2"]
[White "Meertens, Martin"]
[Black "Baumann, Ralf"]
[Result "1-0"]
[WhiteElo "2154"]
[BlackElo "1812"]
[PlyCount "163"]
[EventDate "2010.??.??"]
[EventType "swiss"]
[EventRounds "7"]
[EventCountry "GER"]
[SourceDate "2010.09.15"]

1. d4 d5 2. c4 c6 3. Nc3 Nf6 4. Nf3 e6 5. e3 Be7 6. a3 Ne4 7. Qc2 f5 8. Bd3 O-O
9. O-O Nd7 10. b4 b6 11. Bb2 Bb7 12. Ne2 Ng5 13. Ne5 Nxe5 14. dxe5 Qd7 15. Nf4
Rfc8 16. c5 b5 17. a4 a6 18. f3 Rf8 19. a5 g6 20. Rad1 Bd8 21. e4 Rc8 22. h4
Nf7 23. exf5 gxf5 24. g3 Nh8 25. Rfe1 Rc7 26. Re2 Bc8 27. Rg2 Qe8 28. Qc3 Rg7
29. Kf2 Qf7 30. Rh1 h5 31. Bc1 Re8 32. Be2 Kf8 33. Qd4 Ke7 34. Qd1 Reg8 35. Nh3
Kd7 36. Bg5 Be7 37. Bxe7 Qxe7 38. f4 Ng6 39. Ng5 Nf8 40. Bxh5 Nh7 41. Qd4 Nxg5
42. fxg5 Rh8 43. Qd1 Rgh7 44. Bf3 Kc7 45. Qd4 Bd7 46. g6 Rh6 47. h5 Be8 48. Qh4
Qxh4 49. Rxh4 Kd7 50. Ke3 Ke7 51. Kf4 Kf8 52. Rg1 Kg7 53. Rhh1 Rf8 54. Rf1 Rfh8
55. Kg5 Rf8 56. Kf4 Rfh8 57. Rhg1 Rf8 58. Rf2 Rfh8 59. Be2 Rf8 60. Rgf1 Rhh8
61. Ke3 Rh6 62. g4 Bd7 63. gxf5 exf5 64. Kf4 Rhh8 65. Rg1 Re8 66. Bf3 Re7 67.
Re2 Be6 68. Kg5 Rh6 69. Ree1 Re8 70. Bd1 Rf8 71. Rgf1 Rhh8 72. Rh1 Rh6 73. Rh4
Rfh8 74. Bc2 Rf8 75. Rf1 Rd8 76. Bxf5 Bg8 77. Bd3 d4 78. Rf6 Rd5 79. Re4 Rd8
80. Rd6 Rxd6 81. exd6 Be6 82. Rxe6 1-0

[Event "Solingen-ch"]
[Site "Solingen"]
[Date "2010.09.24"]
[Round "2"]
[White "Schikowsky, Andreas"]
[Black "Speck, Stefan"]
[Result "0-1"]
[WhiteElo "1883"]
[BlackElo "2004"]
[PlyCount "44"]
[EventDate "2010.??.??"]
[EventType "swiss"]
[EventRounds "7"]
[EventCountry "GER"]
[SourceDate "2010.09.15"]

1. e4 Nf6 2. Nc3 d5 3. e5 d4 4. exf6 dxc3 5. fxe7 cxd2+ 6. Bxd2 Bxe7 7. Bc3 O-O
8. Bd3 Bf6 9. Ne2 Bg4 10. O-O Bxc3 11. bxc3 Nd7 12. f3 Bh5 13. Nf4 Bg6 14. Rb1
Nc5 15. Nxg6 hxg6 16. Re1 Re8 17. Qd2 Qd6 18. Re3 Rad8 19. Rbe1 Rxe3 20. Rxe3
Qb6 21. Qe1 Nxd3 22. cxd3 Rxd3 0-1

[Event "Solingen-ch"]
[Site "Solingen"]
[Date "2010.09.24"]
[Round "2"]
[White "Beil, Detlef"]
[Black "Bauer, Matthias"]
[Result "1-0"]
[WhiteElo "1996"]
[BlackElo "1652"]
[PlyCount "73"]
[EventDate "2010.??.??"]
[EventType "swiss"]
[EventRounds "7"]
[EventCountry "GER"]
[SourceDate "2010.09.15"]

1. e4 c6 2. d4 d5 3. Nc3 dxe4 4. Nxe4 Bf5 5. Ng3 Bg6 6. Nf3 Nd7 7. Bd3 e6 8.
O-O Ngf6 9. Re1 Qc7 10. c4 Be7 11. Ne2 Bb4 12. Bf4 Qa5 13. Rf1 Nh5 14. Be3 Bd6
15. Qc2 Qc7 16. Rad1 Nf4 17. Nxf4 Bxf4 18. Qb3 b6 19. Qa4 Bxe3 20. fxe3 Bxd3
21. Rxd3 O-O 22. b4 Rfd8 23. Qc2 h6 24. Rd2 e5 25. Qf5 exd4 26. exd4 g6 27. Qh3
Kg7 28. Rdf2 f5 29. g4 fxg4 30. Qxg4 Nf6 31. Qh4 Nh5 32. Ne5 Rf8 33. Rxf8 Rxf8
34. Rxf8 Qd6 35. Rf7+ Kg8 36. Rd7 Qxb4 37. Qd8+ 1-0

[Event "Solingen-ch"]
[Site "Solingen"]
[Date "2010.09.24"]
[Round "2"]
[White "Düxmann, Marcel"]
[Black "Maczkowiak, Thomas"]
[Result "1/2-1/2"]
[WhiteElo "1666"]
[BlackElo "1943"]
[PlyCount "71"]
[EventDate "2010.??.??"]
[EventType "swiss"]
[EventRounds "7"]
[EventCountry "GER"]
[SourceDate "2010.09.15"]

1. d4 Nf6 2. c4 g6 3. Nf3 Bg7 4. e3 O-O 5. Be2 d5 6. O-O c5 7. b3 Nc6 8. Bb2
Bg4 9. h3 Bxf3 10. Bxf3 cxd4 11. exd4 e6 12. Re1 Re8 13. Na3 Qd7 14. Qd2 Rad8
15. Qf4 dxc4 16. Bxc6 bxc6 17. Nxc4 Nh5 18. Qf3 Qd5 19. Ne5 Qxf3 20. Nxf3 c5
21. Rad1 Rd5 22. Ne5 Red8 23. Nc6 R8d7 24. Ba3 Bxd4 25. Rxd4 Rxd4 26. Nxd4 cxd4
27. g3 Ng7 28. Rc1 Nf5 29. Kf1 Kg7 30. g4 Nd6 31. f3 Kf6 32. Bb2 e5 33. Ke2 Ke6
34. Kd3 Kd5 35. g5 Ke6 36. Rc5 1/2-1/2

[Event "Solingen-ch"]
[Site "Solingen"]
[Date "2010.09.24"]
[Round "2"]
[White "Bashylin, Seva"]
[Black "Hobusch, Jan"]
[Result "1-0"]
[WhiteElo "1686"]
[BlackElo "1745"]
[PlyCount "77"]
[EventDate "2010.??.??"]
[EventType "swiss"]
[EventRounds "7"]
[EventCountry "GER"]
[SourceDate "2010.09.15"]

1. d4 Nf6 2. Nf3 e6 3. Bg5 c5 4. e3 b6 5. Bd3 Bb7 6. Nbd2 Be7 7. c3 d6 8. O-O
Nbd7 9. a4 O-O 10. Qe2 Qc7 11. e4 e5 12. d5 Rfe8 13. Nc4 Nf8 14. Qd2 Ng6 15. h3
Nh5 16. Bxe7 Qxe7 17. g3 Bc8 18. h4 Qf6 19. Qe3 Bg4 20. Be2 Bh3 21. Rfb1 Qe7
22. Ng5 Nhf4 23. gxf4 Nxf4 24. Nxh3 Qxh4 25. Nxf4 exf4 26. Qf3 f5 27. Nxd6 Rf8
28. Nxf5 Qg5+ 29. Qg4 Qf6 30. Bc4 Qe5 31. d6+ Kh8 32. Kh2 g6 33. Nh6 f3+ 34.
Kh3 Rf4 35. Nf7+ Rxf7 36. Bxf7 Rf8 37. d7 Qg7 38. Rd1 Qh6+ 39. Qh4 1-0

[Event "Solingen-ch"]
[Site "Solingen"]
[Date "2010.09.24"]
[Round "2"]
[White "Kowalzick, Uwe"]
[Black "Kappelt, Jörg"]
[Result "0-1"]
[WhiteElo "1620"]
[BlackElo "2201"]
[PlyCount "88"]
[EventDate "2010.??.??"]
[EventType "swiss"]
[EventRounds "7"]
[EventCountry "GER"]
[SourceDate "2010.09.15"]

1. Nf3 g6 2. d4 Nf6 3. Nc3 d5 4. Bf4 Bg7 5. Nb5 Na6 6. e3 c6 7. Nc3 Qa5 8. Bd3
Nb4 9. a3 Nxd3+ 10. cxd3 Nh5 11. b4 Qd8 12. Be5 f6 13. Bg3 Nxg3 14. fxg3 O-O
15. Qb3 Kh8 16. O-O Bg4 17. Nd2 f5 18. Rae1 Qd6 19. Ne2 Bxe2 20. Rxe2 a5 21.
Nf3 Ra7 22. e4 dxe4 23. dxe4 Bxd4+ 24. Nxd4 Qxd4+ 25. Kh1 axb4 26. Qxb4 Qxb4
27. axb4 Ra4 28. exf5 Rxf5 29. Rd1 Rd5 30. Rb1 Rxb4 31. Ra1 e5 32. Kg1 e4 33.
Kf2 Kg7 34. Ra8 e3+ 35. Rxe3 Rf5+ 36. Rf3 Rb2+ 37. Kg1 Rc5 38. h4 Rc1+ 39. Kh2
Rcc2 40. Raf8 Rxg2+ 41. Kh3 Rh2+ 42. Kg4 h5+ 43. Kg5 Rb5+ 44. R8f5 Rxf5+ 0-1

[Event "Solingen-ch"]
[Site "Solingen"]
[Date "2010.09.24"]
[Round "2"]
[White "Möller, Jonas"]
[Black "Falge, Rainer"]
[Result "1/2-1/2"]
[WhiteElo "988"]
[BlackElo "1553"]
[PlyCount "100"]
[EventDate "2010.??.??"]
[EventType "swiss"]
[EventRounds "7"]
[EventCountry "GER"]
[SourceDate "2010.09.15"]

1. d4 d6 2. c4 Nf6 3. Nf3 g6 4. Bg5 Bg7 5. e3 c6 6. Nc3 Qa5 7. h3 Ne4 8. Qa4
Qxa4 9. Nxa4 Nxg5 10. Nxg5 O-O 11. Be2 h6 12. Nf3 Bd7 13. Nc3 a6 14. O-O b5 15.
a3 Rc8 16. b4 c5 17. bxc5 dxc5 18. Rfd1 cxd4 19. exd4 e6 20. c5 Nc6 21. Ne4 Bh8
22. Rab1 Rcb8 23. d5 exd5 24. Rxd5 Bf5 25. Nfd2 Re8 26. Bf3 Rad8 27. Rxd8 Rxd8
28. Rd1 Nd4 29. Nd6 Be5 30. Nxf5 Nxf5 31. Ne4 Nd4 32. Rc1 f5 33. Ng3 Nxf3+ 34.
gxf3 Bb2 35. Rc2 Bxa3 36. c6 Kf7 37. c7 Rc8 38. Ne2 Ke7 39. Nf4 g5 40. Nd5+ Ke6
41. Nb6 Rf8 42. c8=Q+ Rxc8 43. Rxc8 Kd6 44. Kf1 Bc5 45. Na8 a5 46. Rd8+ Kc6 47.
Re8 a4 48. Re6+ Kb7 49. Re5 Bd4 50. Rd5 a3 1/2-1/2

[Event "Solingen-ch"]
[Site "Solingen"]
[Date "2010.09.24"]
[Round "2"]
[White "Kirschbaum, Alexander"]
[Black "Möller, Laura"]
[Result "1-0"]
[WhiteElo "1531"]
[BlackElo "781"]
[PlyCount "45"]
[EventDate "2010.??.??"]
[EventType "swiss"]
[EventRounds "7"]
[EventCountry "GER"]
[SourceDate "2010.09.15"]

1. e4 e5 2. Nf3 Nc6 3. Bb5 a6 4. Ba4 b5 5. Bb3 Nf6 6. O-O Nxe4 7. d4 d5 8. dxe5
Bg4 9. Bxd5 Nxe5 10. Bxe4 Bd6 11. Bxa8 Qxa8 12. Nbd2 O-O 13. h3 Bh5 14. Re1 Ng6
15. g4 Nf4 16. gxh5 Nxh5 17. Ne4 Nf4 18. Nxd6 Nxh3+ 19. Kg2 Nf4+ 20. Bxf4 cxd6
21. Qd3 d5 22. Rh1 Qb7 23. Qxh7# 1-0

[Event "Solingen-ch"]
[Site "Solingen"]
[Date "2010.09.24"]
[Round "2"]
[White "Schubert, Florian"]
[Black "Kaiser, Stephan"]
[Result "0-1"]
[WhiteElo "742"]
[BlackElo "1492"]
[PlyCount "68"]
[EventDate "2010.??.??"]
[EventType "swiss"]
[EventRounds "7"]
[EventCountry "GER"]
[SourceDate "2010.09.15"]

1. e4 c5 2. Nc3 Nc6 3. Nf3 d6 4. Bb5 Nf6 5. O-O Bd7 6. Bxc6 Bxc6 7. d4 Nxe4 8.
d5 Nxc3 9. bxc3 Bb5 10. Re1 h6 11. a4 Bd7 12. Nh4 g5 13. Nf3 Bg7 14. Bb2 O-O
15. a5 e6 16. dxe6 Bxe6 17. Ra2 Bxa2 18. Re2 Bc4 19. Rd2 d5 20. Ba3 Qxa5 21.
Bb2 Rfe8 22. h4 g4 23. Nh2 h5 24. f3 g3 25. f4 gxh2+ 26. Kxh2 Qb6 27. Bc1 Qg6
28. Ba3 b6 29. Rf2 Re3 30. f5 Qg3+ 31. Kg1 Rae8 32. Rf3 Re1+ 33. Qxe1 Rxe1+ 34.
Rf1 Rxf1# 0-1

[Event "Solingen-ch"]
[Site "Solingen"]
[Date "2010.09.24"]
[Round "2"]
[White "Kublanow, Vladislav"]
[Black "Littek, Oliver"]
[Result "1-0"]
[WhiteElo "1409"]
[BlackElo "707"]
[PlyCount "51"]
[EventDate "2010.??.??"]
[EventType "swiss"]
[EventRounds "7"]
[EventCountry "GER"]
[SourceDate "2010.09.15"]

1. e4 e5 2. Nf3 Nc6 3. Bb5 Nf6 4. Nc3 Bd6 5. O-O O-O 6. d3 Bb4 7. Bxc6 dxc6 8.
Nxe5 Bxc3 9. bxc3 Re8 10. Nc4 Be6 11. Na5 Rb8 12. Bg5 Bd7 13. Rb1 Bc8 14. Nxc6
bxc6 15. Rxb8 Qe7 16. Bxf6 Qxf6 17. Qg4 Qe7 18. Rxc8 Kf8 19. Rxe8+ Qxe8 20. Rb1
Kg8 21. Rb7 h6 22. Rxc7 Qd8 23. Rc8 Qf8 24. Rxf8+ Kh7 25. Rxf7 Kg8 26. Qxg7#
1-0

[Event "Solingen-ch"]
[Site "Solingen"]
[Date "2010.10.08"]
[Round "3"]
[White "Speck, Stefan"]
[Black "Peschel, Andreas"]
[Result "0-1"]
[WhiteElo "2004"]
[BlackElo "2173"]
[PlyCount "80"]
[EventDate "2010.??.??"]
[EventType "swiss"]
[EventRounds "7"]
[EventCountry "GER"]
[SourceDate "2010.09.15"]

1. d4 g6 2. c4 Bg7 3. Nc3 c5 4. e3 Nf6 5. Nf3 O-O 6. Bd3 a6 7. O-O d5 8. dxc5
dxc4 9. Bxc4 Qa5 10. Bd2 Qxc5 11. Be2 Rd8 12. Rc1 Qd6 13. Qb3 Nc6 14. Rfd1 Be6
15. Qc2 Rac8 16. Be1 Qb8 17. Rxd8+ Rxd8 18. Rd1 Rc8 19. Qa4 h6 20. Qh4 g5 21.
Qa4 Ng4 22. Ne4 Nce5 23. Nd4 Bc4 24. Rc1 Bxe2 25. Rxc8+ Qxc8 26. Nxe2 Qc7 27.
h3 Nf3+ 28. gxf3 Qh2+ 29. Kf1 Qxh3+ 30. Kg1 Qh2+ 31. Kf1 Qh1+ 32. Ng1 Nh2+ 33.
Ke2 Qxg1 34. Qe8+ Bf8 35. Nc5 Qf1+ 36. Kd1 Nxf3 37. Nd7 Qxe1+ 38. Kc2 Qxf2+ 39.
Kd3 Ne1+ 40. Ke4 Qc2+ 0-1

[Event "Solingen-ch"]
[Site "Solingen"]
[Date "2010.10.08"]
[Round "3"]
[White "Görke, Joachim"]
[Black "Beil, Detlef"]
[Result "1-0"]
[WhiteElo "2154"]
[BlackElo "1996"]
[PlyCount "63"]
[EventDate "2010.??.??"]
[EventType "swiss"]
[EventRounds "7"]
[EventCountry "GER"]
[SourceDate "2010.09.15"]

1. c4 Nf6 2. Nc3 c5 3. g3 g6 4. Bg2 Bg7 5. Nf3 O-O 6. O-O Nc6 7. d4 cxd4 8.
Nxd4 Nxd4 9. Qxd4 d6 10. Qd3 Rb8 11. e4 Ng4 12. b3 Qa5 13. Bd2 Qh5 14. h4 Ne5
15. Qe2 Bg4 16. f3 Be6 17. Rac1 h6 18. Be1 Nc6 19. Nd5 Bd4+ 20. Kh1 Qe5 21. f4
Qg7 22. b4 Rfe8 23. Nc7 Rec8 24. Nxe6 fxe6 25. Bh3 Nd8 26. Bd2 Rc7 27. f5 gxf5
28. exf5 Qxg3 29. Rg1 Bxg1 30. Rxg1 Qxg1+ 31. Kxg1 Kg7 32. Qg4+ 1-0

[Event "Solingen-ch"]
[Site "Solingen"]
[Date "2010.10.08"]
[Round "3"]
[White "Kappelt, Jörg"]
[Black "Meertens, Martin"]
[Result "1-0"]
[WhiteElo "2201"]
[BlackElo "2154"]
[PlyCount "89"]
[EventDate "2010.??.??"]
[EventType "swiss"]
[EventRounds "7"]
[EventCountry "GER"]
[SourceDate "2010.09.15"]

1. Nf3 Nf6 2. g3 d5 3. Bg2 Bg4 4. h3 Bf5 5. O-O Nc6 6. d3 Qd7 7. Kh2 e5 8. c3
h6 9. b4 Bd6 10. a3 g5 11. Nfd2 h5 12. e4 dxe4 13. Nxe4 Bxe4 14. dxe4 g4 15. h4
O-O-O 16. Be3 Kb8 17. Nd2 Bf8 18. Qa4 b6 19. Nc4 Qe6 20. Qb5 Kb7 21. Na5+ Nxa5
22. bxa5 Bh6 23. Bxh6 Rxh6 24. a4 Rd6 25. axb6 Rxb6 26. Qe2 a5 27. Rfd1 Rh8 28.
Rab1 Rb8 29. Rb5 Ra8 30. Kg1 Ne8 31. c4 Rxb5 32. cxb5 Nd6 33. Rc1 Qb3 34. Qd2
Ra7 35. Kh2 Kb8 36. Rc3 Qb4 37. Qc2 Rb7 38. Rc5 f6 39. Rc6 Nc8 40. Rxf6 Nb6 41.
Qc6 Qxa4 42. Qe8+ Ka7 43. Qxe5 Nd7 44. Ra6+ Kb8 45. Qh8+ 1-0